Tides, and tidal and residual currents in Suisun and San Pablo Bays, California : results of measurements, 1986 /

Bibliographic Details
Main Author: Gartner, Jeffrey W. (Author)
Corporate Authors: California. State Water Resources Control Board, California. Department of Water Resources
Format: Government Document eBook
Language:English
Published: Menlo Park, California : U.S. Geological Survey, 1988.
Series:Water-resources investigations report ; 88-4027.
Subjects:
Online Access:https://purl.fdlp.gov/GPO/gpo149251

MARC

Tag First Indicator Second Indicator Subfields
LEADER 00000cam a2200000 i 4500
001 in00004418521
005 20211120111559.0
006 m o d f
007 cr b||||||||||
008 101110s1988 cauab ob f000 0 eng c
019 |a 621998531  |a 664533296  |a 974644276 
035 |a (OCoLC)ocn680258123 
042 |a pcc 
043 |a n-us-ca 
040 |a OCLCE  |b eng  |e rda  |e pn  |c OCLCE  |d OCLCQ  |d OCLCO  |d OCLCQ  |d COP  |d OCLCF  |d GPO  |d MvI 
049 |a WWW 
074 |a 0624-B-05 (online) 
086 0 |a I 19.42/4:88-4027 
100 1 |a Gartner, Jeffrey W.,  |e author. 
245 1 0 |a Tides, and tidal and residual currents in Suisun and San Pablo Bays, California :  |b results of measurements, 1986 /  |c by Jeffrey W. Gartner and Brian T. Yost ; prepared in cooperation with the California State Water Resources Control Board and the California Department of Water Resources. 
264 1 |a Menlo Park, California :  |b U.S. Geological Survey,  |c 1988. 
300 |a 1 online resource (v, 94 pages) :  |b illustrations, maps. 
336 |a text  |b txt  |2 rdacontent 
337 |a computer  |b c  |2 rdamedia 
338 |a online resource  |b cr  |2 rdacarrier 
490 1 |a Water-resources investigations report ;  |v 88-4027 
588 |a Description based on online resource; title from PDF title page (USGS, viewed Dec. 17, 2020). 
504 |a Includes bibliographical references (pages 31-34). 
650 0 |a Tides  |z California  |z San Pablo Bay. 
650 0 |a Tides  |z California  |z Suisun Bay. 
650 0 |a Tidal currents  |z California  |z San Pablo Bay. 
650 0 |a Tidal currents  |z California  |z Suisun Bay. 
651 0 |a Suisun Bay (Calif.) 
651 0 |a San Pablo Bay (Calif.) 
650 7 |a Tidal currents.  |2 fast  |0 (OCoLC)fst01150760 
650 7 |a Tides.  |2 fast  |0 (OCoLC)fst01150792 
651 7 |a Pacific Ocean  |z San Pablo Bay.  |2 fast  |0 (OCoLC)fst01258322 
710 2 |a Geological Survey (U.S.),  |e issuing body. 
710 1 |a California.  |b State Water Resources Control Board. 
710 1 |a California.  |b Department of Water Resources. 
776 0 8 |i Print version:  |a Gartner, Jeffrey W.  |t Tides, and tidal and residual currents in Suisun and San Pablo Bays, California  |w (OCoLC)18706746 
830 0 |a Water-resources investigations report ;  |v 88-4027. 
856 4 0 |u https://purl.fdlp.gov/GPO/gpo149251  |t 0 
999 f f |s cb5be744-1843-360b-a34f-36e968660342  |i b637dc20-b332-371b-abd5-49029122ee7d  |t 0 
952 f f |a Texas A&M University  |b College Station  |c Electronic Resources  |d Available Online  |t 0  |e I 19.42/4:88-4027  |h Superintendent of Documents classification 
998 f f |a I 19.42/4:88-4027  |t 0  |l Available Online